[Event "Last Man Standing"]
[Site "SchemingMind.com"]
[Date "2008.12.22"]
[Round "-"]
[White "ibukuno"]
[Black "Orange Lion"]
[Result "0-1"]
[WhiteCountry "NGR"]
[BlackCountry "NED"]
[WhiteElo "1813"]
[WhiteRD "80"]
[BlackElo "2340"]
[BlackRD "93"]
[GameID "184394"]

1. e4 e6 2. d4 d5 3. exd5 exd5 4. Nf3 Nf6 5. Bd3 Bd6 6. O-O O-O 7. h3 c5 8. c3 c4 9. Bc2 Be6 10. Ng5 Bd7
11. Be3 Nc6 12. Nd2 h6 13. Ngf3 Re8 14. Nh4 Ng4 15. Nf5 Bxf5 16. hxg4 Bxc2 17. Qxc2 Qh4 18. Nf3 Qxg4 19. Rfe1 Re6 20. Nh2 Qh5
21. f4 Rae8 22. Qd2 Re4 23. Nf3 f6 24. Kf2 Ne7 25. Rh1 Qf7 26. Nh4 g5 27. fxg5 Ng6 28. Nf5 fxg5
0-1

[Event "Last Man Standing"]
[Site "SchemingMind.com"]
[Date "2008.12.22"]
[Round "-"]
[White "mapache"]
[Black "schakert"]
[Result "1-0"]
[WhiteCountry "URU"]
[BlackCountry "NED"]
[WhiteElo "1749"]
[WhiteRD "152"]
[BlackElo "1784"]
[BlackRD "62"]
[GameID "184395"]

1. e4 e5 2. Nf3 Nc6 3. Bc4 Nf6 4. Ng5 d5 5. exd5 Na5 6. Bb5+ c6 7. dxc6 bxc6 8. Qf3 Qc7 9. Ba4 Be7 10. Nc3 O-O
11. h3 Bb7 12. O-O c5 13. Qe2 h6 14. Nge4 Nc6 15. d3 Nd4 16. Qe1 c4 17. Nxf6+ Bxf6 18. Ne4 cxd3 19. Nxf6+ gxf6 20. cxd3 Nf5
21. Bd1 Nh4 22. f3 Ng6 23. Bxh6 Rfd8 24. Kh1 Rxd3 25. Rc1 Qd7 26. Bc2 Rd4 27. Qg3 Kh7 28. Be3 Rd6 29. Rcd1 Rg8 30. Qh4+
1-0

[Event "Last Man Standing"]
[Site "SchemingMind.com"]
[Date "2008.12.22"]
[Round "-"]
[White "Orange Lion"]
[Black "ibukuno"]
[Result "1-0"]
[WhiteCountry "NED"]
[BlackCountry "NGR"]
[WhiteElo "2340"]
[WhiteRD "93"]
[BlackElo "1813"]
[BlackRD "80"]
[GameID "184408"]

1. Nf3 Nf6 2. c4 Nc6 3. d4 e6 4. e3 Bb4+ 5. Nbd2 O-O 6. Bd3 d5 7. O-O b6 8. cxd5 Nxd5 9. Qc2 h6 10. Qxc6 Rb8
11. a3 Bb7 12. Qa4 Bxd2 13. Bxd2 a5 14. e4 Nf6 15. Qc2 Rc8 16. b4 Ra8 17. bxa5 bxa5 18. Rfe1 Qd7 19. Rac1 Rfc8 20. Qc3 Qe7
21. Ne5 Nd7 22. Nxd7 Qxd7 23. Re3 Qe7 24. Rg3 Qf6 25. Qc5 a4 26. Qh5 Qxd4 27. Bc3
1-0

[Event "Last Man Standing"]
[Site "SchemingMind.com"]
[Date "2008.12.22"]
[Round "-"]
[White "schakert"]
[Black "mapache"]
[Result "1-0"]
[WhiteCountry "NED"]
[BlackCountry "URU"]
[WhiteElo "1784"]
[WhiteRD "62"]
[BlackElo "1749"]
[BlackRD "152"]
[GameID "184409"]

1. d4 Nf6 2. g3 d5 3. Bg2 g6 4. Nf3 Bg7 5. O-O O-O 6. Bg5 Nbd7 7. c3 c5 8. Nbd2 c4 9. Re1 h6 10. Bf4 Nh5
11. e4 Nxf4 12. gxf4 dxe4 13. Nxe4 Rb8 14. Qe2 b5 15. a4 a6 16. axb5 axb5 17. Ra7 Qb6 18. Rea1 Bb7 19. Ne5 Nxe5 20. fxe5 Ra8
21. Rxa8 Rxa8 22. Rxa8+ Bxa8 23. Nf6+ exf6 24. Bxa8 fxe5 25. dxe5 Qb8 26. Qe4 Bxe5 27. h3 Qa7 28. Bd5 Qe7 29. Qxg6+
1-0

[Event "Last Man Standing"]
[Site "SchemingMind.com"]
[Date "2008.12.26"]
[Round "-"]
[White "thefriediceman"]
[Black "Pershemia1"]
[Result "0-1"]
[WhiteCountry "USA"]
[BlackCountry "SWE"]
[WhiteElo "1839"]
[WhiteRD "73"]
[BlackElo "2326"]
[BlackRD "104"]
[GameID "184576"]

1. e4 c5 2. Nf3 d6 3. d4 cxd4 4. Nxd4 Nf6 5. Nc3 a6 6. Be3 e6 7. Be2 Qc7 8. Qd2 b5 9. a3 Bb7 10. f3 Be7
11. g4 O-O 12. g5 Nfd7 13. h4 Nc6 14. f4 Nc5 15. Bf3 Na5 16. Qg2 Nc4 17. Bc1 Rae8 18. h5 e5 19. fxe5 Nxe5 20. Bd2 Nxf3+
21. Qxf3 Nxe4 22. Qh3 Bxg5 23. Nxe4 Rxe4+ 24. Ne2 Qxc2 25. Qc3 Rxe2+ 26. Kxe2 Re8+ 27. Kf2 Qf5+ 28. Kg3 Re2 29. Rag1 Qf2+ 30. Kg4 Re4+
31. Kxg5 h6#
0-1

[Event "Last Man Standing"]
[Site "SchemingMind.com"]
[Date "2008.12.26"]
[Round "-"]
[White "Pershemia1"]
[Black "thefriediceman"]
[Result "1-0"]
[WhiteCountry "SWE"]
[BlackCountry "USA"]
[WhiteElo "2397"]
[WhiteRD "98"]
[BlackElo "1874"]
[BlackRD "67"]
[GameID "184578"]

1. d4 Nf6 2. Nf3 g6 3. c4 Bg7 4. Nc3 O-O 5. e4 d6 6. Be2 Nbd7 7. O-O e5 8. Be3 c6 9. d5 c5 10. Ne1 Ne8
11. g4 Nb6 12. Kh1 Bd7 13. Rg1 a6 14. a3 Nc7 15. b4 cxb4 16. axb4 Nc8 17. Nd3 Kh8 18. g5 f6 19. gxf6 Qxf6 20. Bg4 Bxg4
21. Qxg4 Qf3+ 22. Qxf3 Rxf3 23. c5 Rf8 24. h4 Bf6 25. Rg4 Rg8 26. Kh2 h5 27. Bg5 hxg4 28. Bxf6+ Kh7 29. cxd6 Nxd6 30. Bxe5 Ndb5
31. Nxb5 Nxb5 32. Kg3 Rad8 33. Kxg4 Nd6 34. Nc5 Nc4 35. Bf4 Nd6 36. e5 Nc4 37. d6 Rge8 38. Nxb7 Rd7 39. Nc5 Ra7 40. d7 Rd8
41. e6
1-0

[Event "Last Man Standing"]
[Site "SchemingMind.com"]
[Date "2008.12.22"]
[Round "-"]
[White "sidra"]
[Black "tyler199"]
[Result "1-0"]
[WhiteCountry "HUN"]
[BlackCountry "CAN"]
[WhiteElo "1640"]
[WhiteRD "87"]
[BlackElo "1559"]
[BlackRD "47"]
[GameID "184697"]

1. d4 e6 2. c3 b6 3. e3 Bb7 4. f3 f5 5. Bd3 Nf6 6. Ne2 Be7 7. O-O O-O 8. c4 Na6 9. a3 d6 10. b4 c5
11. b5 Nc7 12. a4 Qe8 13. Nbc3 Kh8 14. dxc5
1-0

[Event "Last Man Standing"]
[Site "SchemingMind.com"]
[Date "2008.12.22"]
[Round "-"]
[White "drowzee1872"]
[Black "harmy"]
[Result "0-1"]
[WhiteCountry "WLS"]
[BlackCountry "USA"]
[WhiteElo "1236"]
[WhiteRD "89"]
[BlackElo "1894"]
[BlackRD "86"]
[GameID "184698"]

1. e4 e5 2. Nf3 Nc6 3. Bb5 a6 4. Bxc6 dxc6 5. O-O Bg4 6. d3 Bd6 7. Bg5 Bxf3 8. Bxd8 Bxd1 9. Rxd1 Rxd8 10. Nd2 Ne7
0-1

[Event "Last Man Standing"]
[Site "SchemingMind.com"]
[Date "2008.12.22"]
[Round "-"]
[White "tyler199"]
[Black "sidra"]
[Result "0-1"]
[WhiteCountry "CAN"]
[BlackCountry "HUN"]
[WhiteElo "1559"]
[WhiteRD "47"]
[BlackElo "1640"]
[BlackRD "87"]
[GameID "184706"]

1. e4 e5 2. Nf3 d6 3. d4 exd4 4. Nxd4 a6 5. Nc3 c5 6. Nf3 h6 7. Be2 Nc6 8. Be3 Nf6 9. a4 Be7 10. O-O O-O
11. Qd2 Nh7 12. Nd5 Bf6 13. Rfd1 Bxb2
0-1

[Event "Last Man Standing"]
[Site "SchemingMind.com"]
[Date "2008.12.23"]
[Round "-"]
[White "ajswegiel"]
[Black "Kenny Elliott"]
[Result "1-0"]
[WhiteCountry "POL"]
[BlackCountry "USA"]
[WhiteElo "1996"]
[WhiteRD "137"]
[BlackElo "1549"]
[BlackRD "68"]
[GameID "184797"]

1. d4 d5 2. c4 e6 3. Nc3 Nf6 4. Bg5 Be7 5. e3 O-O 6. cxd5 exd5 7. Bd3 Be6 8. Qc2 Nc6 9. a3 h6 10. Bh4 Kh8
11. Nge2 Qd7 12. Nf4 g5 13. Nxe6 Qxe6 14. Bf5 Qd6 15. Bg3 Qd8 16. Nb5 Bd6 17. Nxd6 cxd6 18. h4 Nxd4 19. exd4 Re8+ 20. Kf1 Nh5
21. Qd3 Qf6 22. Bg4 Nxg3+ 23. Qxg3 Re4 24. hxg5 Qxg5 25. Bf3 Qxg3 26. fxg3 Kg7 27. Bxe4 dxe4 28. Rc1 Re8 29. Ke2 d5 30. Rc7 Kg6
31. Rhc1 f5 32. Rxb7 Kg5 33. Rcc7 Rg8 34. Rg7+ Rxg7 35. Rxg7+
1-0

[Event "Last Man Standing"]
[Site "SchemingMind.com"]
[Date "2008.12.23"]
[Round "-"]
[White "Harmonicus"]
[Black "waldron"]
[Result "1-0"]
[WhiteCountry "CHI"]
[BlackCountry "USA"]
[WhiteElo "2047"]
[WhiteRD "248"]
[BlackElo "2090"]
[BlackRD "72"]
[GameID "184798"]

1. e4 e5 2. Bc4 Nc6 3. Nc3 Nf6 4. d3 Be7 5. f4 d6 6. Nf3 Bg4 7. O-O Nd4 8. fxe5 dxe5 9. Bxf7+ Kf8 10. Bc4 Bc5
11. Kh1 Nxf3 12. gxf3 Bh3 13. Re1 c6 14. Be3 Bxe3 15. Rxe3 b5 16. Bb3 Nh5 17. f4
1-0

[Event "Last Man Standing"]
[Site "SchemingMind.com"]
[Date "2008.12.23"]
[Round "-"]
[White "Kenny Elliott"]
[Black "ajswegiel"]
[Result "0-1"]
[WhiteCountry "USA"]
[BlackCountry "POL"]
[WhiteElo "1558"]
[WhiteRD "69"]
[BlackElo "2004"]
[BlackRD "138"]
[GameID "184808"]

1. d4 d5 2. c4 c6 3. Nc3 Nf6 4. Nf3 e6 5. Bg5 h6 6. Bxf6 Qxf6 7. e3 Nd7 8. Bd3 dxc4 9. Bxc4 g6 10. O-O Bg7
11. Re1 O-O 12. h3 Rd8 13. Qc2 e5 14. dxe5 Nxe5 15. Nxe5 Qxe5 16. Qb3 Qe7 17. Rad1 Rxd1 18. Rxd1 b5 19. Be2 Be6 20. Qc2 a5
21. Bf3 Rc8 22. Qe2 a4 23. Nxb5 cxb5 24. Qxb5 Qa7 25. b3 axb3 26. axb3 Qb8 27. Qd3 Qxb3 28. Qxb3 Bxb3 29. Rb1 Ba2 30. Rb6 Rc1+
31. Kh2 Rf1 32. Kg3 Be5+ 33. Kg4 f5+ 34. Kh4 Bf7
0-1

[Event "Last Man Standing"]
[Site "SchemingMind.com"]
[Date "2008.12.23"]
[Round "-"]
[White "waldron"]
[Black "Harmonicus"]
[Result "1-0"]
[WhiteCountry "USA"]
[BlackCountry "CHI"]
[WhiteElo "2090"]
[WhiteRD "72"]
[BlackElo "2047"]
[BlackRD "248"]
[GameID "184809"]

1. e4 e5 2. Nf3 Nc6 3. Bb5 a6 4. Ba4 Nf6 5. O-O Be7 6. Re1 b5 7. Bb3 d6 8. c3 O-O 9. h3 Na5 10. Bc2 c5
11. d4 Nd7 12. Nbd2 exd4 13. cxd4 Nc6 14. d5 Nce5 15. a4 Rb8 16. axb5 axb5 17. Nxe5 Nxe5 18. Nf3 Nxf3+ 19. Qxf3 Bf6 20. Ra2 Bb7
21. Bf4 Re8 22. Rea1 Qe7 23. Qg3 Be5 24. Bxe5 Qxe5 25. Qxe5 Rxe5 26. Ra7 Ree8 27. R1a5 Bc8 28. Rc7 Rb7 29. Rxb7 Bxb7 30. Rxb5 Bc8
31. f4 f6 32. Kf2 Kf7= 33. Rb6 Rd8 34. Rc6 h6 35. Ke3 g5 36. g4 Ke8 37. Bd3
1-0

[Event "Last Man Standing"]
[Site "SchemingMind.com"]
[Date "2009.02.04"]
[Round "-"]
[White "harmy"]
[Black "schakert"]
[Result "0-1"]
[WhiteCountry "USA"]
[BlackCountry "NED"]
[WhiteElo "1894"]
[WhiteRD "86"]
[BlackElo "1705"]
[BlackRD "60"]
[GameID "190593"]

1. d4 d5 2. c4 e6 3. Nc3 Nf6 4. Nf3 c5 5. cxd5 Nxd5 6. e4 Nxc3 7. bxc3 cxd4 8. Qxd4 Qxd4 9. cxd4 Bb4+ 10. Bd2 Bxd2+
11. Nxd2 Nc6 12. Bb5 Bd7 13. Nf3 a6 14. Ba4 b5 15. Bb3 O-O 16. O-O Rac8 17. d5 exd5 18. exd5 Na5 19. h3 Bf5 20. d6 Rfd8
21. g4 Nxb3 22. axb3 Be4 23. Ng5 Bd3 24. Rfd1 Rxd6 25. Rd2 Rcd8 26. Rad1 Rd5 27. Nf3 a5 28. Re1 f6 29. Re7 Be4 30. Rxe4 Rxd2
31. Nxd2 Rxd2 32. Re3 Rd7 33. Kf1 a4 34. bxa4 bxa4 35. Ke2 Kf7 36. f4 Ra7 37. Ra3 Ke6 38. h4 Kd5
0-1

[Event "Last Man Standing"]
[Site "SchemingMind.com"]
[Date "2009.02.04"]
[Round "-"]
[White "schakert"]
[Black "harmy"]
[Result "0-1"]
[WhiteCountry "NED"]
[BlackCountry "USA"]
[WhiteElo "1705"]
[WhiteRD "60"]
[BlackElo "1894"]
[BlackRD "86"]
[GameID "190599"]

1. d4 d5 2. g3 Nf6 3. Bg2 Bf5 4. Bf4 e6 5. Nf3 Bd6 6. Nc3 Bxf4 7. gxf4 Nc6 8. a3 Nh5 9. e3 Qf6 10. Ne5 Bg6
11. Nxg6 hxg6 12. Qe2 Nxd4 13. exd4 Nxf4 14. Qb5+ c6 15. Qxb7 Nxg2+ 16. Kf1 Ne3+ 17. Ke2 O-O 18. Kxe3 c5 19. Ne2 cxd4+ 20. Nxd4 Qe5+
21. Kd3 Qe4+ 22. Kc3 Rac8+ 23. Kb3 Rb8
0-1

[Event "Last Man Standing"]
[Site "SchemingMind.com"]
[Date "2009.03.04"]
[Round "-"]
[White "ajswegiel"]
[Black "tacticrules"]
[Result "1-0"]
[WhiteCountry "POL"]
[BlackCountry "GER"]
[WhiteElo "2019"]
[WhiteRD "140"]
[BlackElo "1653"]
[BlackRD "80"]
[GameID "194771"]

1. d4 d5 2. c4 c6 3. Nf3 Nf6 4. Nc3 e6 5. e3 Nbd7 6. Qc2 Bd6 7. g4 h6 8. Bd2 Qe7 9. h3 Bb4 10. a3 Ba5
11. O-O-O O-O 12. g5 hxg5 13. Nxg5 e5 14. dxe5 Nxe5 15. cxd5 cxd5 16. Nxd5 Bxd2+ 17. Rxd2 Nxd5 18. Qh7#
1-0

[Event "Last Man Standing"]
[Site "SchemingMind.com"]
[Date "2009.03.04"]
[Round "-"]
[White "tacticrules"]
[Black "ajswegiel"]
[Result "0-1"]
[WhiteCountry "GER"]
[BlackCountry "POL"]
[WhiteElo "1695"]
[WhiteRD "82"]
[BlackElo "2031"]
[BlackRD "139"]
[GameID "194780"]

1. e4 e6 2. d4 d5 3. Nc3 Nf6 4. e5 Nfd7 5. f4 c5 6. Nf3 Nc6 7. Be3 cxd4 8. Nxd4 Bc5 9. Qd2 O-O 10. O-O-O a6
11. Qf2 Bxd4 12. Bxd4 b5 13. Bd3 b4 14. Na4 Nxd4 15. Qxd4 a5 16. Kb1 Ba6 17. Bxa6 Rxa6 18. Nc5 Rc6 19. Nxd7 Qxd7 20. b3 Rfc8
21. Rd2 Qc7 22. Rc1 Rc3 23. g4 Rf3 24. h4 f6 25. Re2 Kf7 26. h5 Qc5 27. Qd2 Qc3 28. Qxc3 Rcxc3 29. Rg1 Rxf4 30. exf6 gxf6
31. Kb2 h6 32. a3 e5 33. axb4 axb4 34. Rgg2 Rf1 35. Rd2 d4 36. Rd3 Ke6 37. Rxc3 dxc3+ 38. Ka2 e4 39. Rg3 Ke5 40. Rg2 e3
0-1

[Event "Last Man Standing"]
[Site "SchemingMind.com"]
[Date "2009.03.21"]
[Round "-"]
[White "waldron"]
[Black "Orange Lion"]
[Result "1/2-1/2"]
[WhiteCountry "USA"]
[BlackCountry "NED"]
[WhiteElo "2190"]
[WhiteRD "68"]
[BlackElo "2309"]
[BlackRD "91"]
[GameID "197078"]

1. e4 e6 2. d4 d5 3. Nd2 Nf6 4. e5 Nfd7 5. Bd3 c5 6. c3 Nc6 7. Ngf3 Qb6 8. O-O g6 9. dxc5 Qc7 10. Nb3 Bg7
11. Nfd4 Ncxe5 12. Nb5 Qd8 13. Nd6+ Kf8 14. Be3 Nxd3 15. Qxd3 b6 16. Nxc8 Qxc8 17. cxb6 axb6 18. Nd4 Kg8 19. Rfe1 h5 20. a4 h4
21. h3 Ne5 22. Qe2 Nc4 23. Nb5 Nxe3 24. Qxe3 Qd8 25. b3 Rh5 26. Rad1 Re5 27. Qf4 Qg5 28. Qxg5 Rxg5 29. Rd3 Kf8 30. f4 Rf5
31. Rf1 Ke7 32. Nd4 Bxd4+ 33. Rxd4 Rc8 34. Rf3 g5 35. fxg5 Rxf3 36. gxf3 Rxc3 37. Kf2=
1/2-1/2

[Event "Last Man Standing"]
[Site "SchemingMind.com"]
[Date "2009.03.24"]
[Round "-"]
[White "Orange Lion"]
[Black "waldron"]
[Result "1/2-1/2"]
[WhiteCountry "NED"]
[BlackCountry "USA"]
[WhiteElo "2309"]
[WhiteRD "91"]
[BlackElo "2190"]
[BlackRD "68"]
[GameID "197083"]

1. Nf3 Nf6 2. c4 c5 3. g3 b6 4. Bg2 Bb7 5. O-O e6 6. Nc3 Be7 7. d4 cxd4 8. Qxd4 d6 9. Rd1 a6 10. Ng5 Bxg2
11. Kxg2 Nc6 12. Qf4 O-O 13. b3 Ra7 14. Bb2 Rd7 15. Nce4 Nxe4 16. Qxe4 Bxg5 17. Qxc6 Qa8 18. Qxa8 Rxa8 19. Rd3 Rad8 20. e4 Bf6
21. Bxf6 gxf6 22. a4 a5 23. Rad1 Kf8 24. g4 Ke7 25. Rh3 Rh8 26. Rh6 Rdd8 27. f4 Rdg8 28. Kf3 Rg6 29. Rh5 Rgg8 30. Rg1 Rc8
31. Rh6 Kf8 32. Rxf6 h6 33. e5 dxe5 34. fxe5 Kg7 35. h4 Rcd8 36. Ke3 Rd7 37. g5 hxg5 38. Rxg5+ Kf8 39. Rg4 Rh5 40. Ke4 Rh7=
41. Rf3 Rd1 42. Rh3 Rh5 43. Rg5 Rxg5 44. hxg5 Kg7 45. Rc3=
1/2-1/2

[Event "Last Man Standing"]
[Site "SchemingMind.com"]
[Date "2009.05.14"]
[Round "-"]
[White "sidra"]
[Black "Pershemia1"]
[Result "0-1"]
[WhiteCountry "HUN"]
[BlackCountry "SWE"]
[WhiteElo "1672"]
[WhiteRD "83"]
[BlackElo "2384"]
[BlackRD "98"]
[GameID "204117"]

1. d4 Nf6 2. c4 e6 3. a3 d5 4. c5 Be7 5. e3 O-O 6. b4 a5 7. bxa5 Nc6 8. Nc3 e5 9. Bb5 Nxa5 10. dxe5 Ne4
11. Nxe4 dxe4 12. Qc2 c6 13. Ba4 Qd5 14. Bb2 Bxc5 15. Rd1 Qc4 16. Rc1 Be6 17. Ne2 Rfd8 18. O-O b5 19. Qxc4 Bxc4 20. Bd1 Rxd1
21. Rfxd1 Bxe2 22. Re1 Bc4 23. Ra1 h6 24. g3 Be7 25. h4 Bd3 26. Kg2 Nc4 27. Bc3 Rxa3 28. Rxa3 Bxa3 29. f3 c5 30. fxe4 b4
31. Bxb4 cxb4 32. Kf3 b3 33. Rd1 Nxe5+ 34. Kf4 Bd6 35. Kf5 g6+ 36. Kf4 Bc7 37. Re1 b2 38. g4 Be2 39. Rxe2 b1=Q 40. Rg2 Nd3+
41. Kf3 Qf1+
0-1

[Event "Last Man Standing"]
[Site "SchemingMind.com"]
[Date "2009.05.14"]
[Round "-"]
[White "Pershemia1"]
[Black "sidra"]
[Result "1-0"]
[WhiteCountry "SWE"]
[BlackCountry "HUN"]
[WhiteElo "2400"]
[WhiteRD "100"]
[BlackElo "1691"]
[BlackRD "82"]
[GameID "204123"]

1. d4 d5 2. c3 c6 3. e3 e6 4. Bd3 g6 5. Nd2 Bg7 6. Ngf3 Nd7 7. e4 Ne7 8. O-O O-O 9. e5 f5 10. Ng5 Nb6
11. b4 h6 12. Nh3 g5 13. a4 Nd7 14. a5 a6 15. Nb3 Qe8 16. Be2 b5 17. axb6 Nxb6 18. Nc5 Nc4 19. Bxc4 dxc4 20. Qe2 Nd5
21. Qxc4 Nb6 22. Qb3 Nd5 23. Bd2 Nc7 24. f3 f4 25. Nf2 Nb5 26. Qc2 Nc7 27. Ra2 Nd5 28. Rfa1 Nc7 29. Nfe4 Qe7 30. c4 Ra7
31. Nd6 Kh8 32. b5 cxb5 33. cxb5 Nd5 34. Qg6 Kg8 35. Nxc8 Rxc8 36. Rxa6 Rxa6 37. Rxa6 Nc7 38. Rc6 Rd8 39. b6 Nd5 40. b7 Qe8
41. Qxe8+ Rxe8 42. Rc8
1-0

[Event "Last Man Standing"]
[Site "SchemingMind.com"]
[Date "2009.06.25"]
[Round "-"]
[White "harmy"]
[Black "ajswegiel"]
[Result "1/2-1/2"]
[WhiteCountry "USA"]
[BlackCountry "POL"]
[WhiteElo "1911"]
[WhiteRD "105"]
[BlackElo "2088"]
[BlackRD "127"]
[GameID "209469"]

1. d4 d5 2. c4 c6 3. Nf3 Nf6 4. Nc3 a6 5. cxd5 cxd5 6. Bf4 Nc6 7. h3 Bf5 8. e3 e6 9. Ne5 Nxe5 10. Bxe5 Qa5
11. Bd3 Bxd3 12. Qxd3 Nd7 13. O-O Nxe5 14. dxe5 Bb4 15. Rfc1 O-O 16. Ne2 Rac8 17. a3 Be7 18. Nd4 Rc7 19. b4 Qb6 20. Rc3 Rfc8
21. Rac1 a5 22. b5 Rc5 23. a4 g6 24. Nb3 R5c7 25. Qd4 Qxd4 26. Rxc7 Rxc7 27. exd4 Rxc1+=
1/2-1/2

[Event "Last Man Standing"]
[Site "SchemingMind.com"]
[Date "2009.06.25"]
[Round "-"]
[White "ajswegiel"]
[Black "harmy"]
[Result "1-0"]
[WhiteCountry "POL"]
[BlackCountry "USA"]
[WhiteElo "2088"]
[WhiteRD "127"]
[BlackElo "1911"]
[BlackRD "105"]
[GameID "209481"]

1. d4 d5 2. c4 c6 3. Nc3 Nf6 4. Nf3 dxc4 5. a4 Bf5 6. e3 e6 7. Bxc4 Bb4 8. O-O Nbd7 9. Qe2 Bg6 10. e4 Bxc3
11. bxc3 Nxe4 12. Ba3 Nb6 13. Bb3 Nxc3 14. Qb2 Ne4 15. a5 Nc8 16. d5 Qf6 17. dxc6 b5 18. axb6 Nxb6 19. Qe2 Nc3 20. Qe3 Ncd5
21. Bxd5 Nxd5 22. Qc5 Qe7 23. Qd4 Qf6 24. Qa4 Qd8 25. Bc5 Qc7 26. Nd4 Kd8 27. Qa6
1-0

[Event "Last Man Standing"]
[Site "SchemingMind.com"]
[Date "2009.09.14"]
[Round "-"]
[White "Pershemia1"]
[Black "waldron"]
[Result "1/2-1/2"]
[WhiteCountry "SWE"]
[BlackCountry "USA"]
[WhiteElo "2392"]
[WhiteRD "101"]
[BlackElo "2239"]
[BlackRD "66"]
[GameID "219169"]

1. d4 Nf6 2. Nf3 d5 3. Bf4 c5 4. c3 Nc6 5. e3 Qb6 6. Qb3 c4 7. Qc2 Bf5 8. Qc1 e6 9. Nbd2 Be7 10. Be2 h6
11. h3 O-O 12. O-O Qd8 13. Ne5 Nxe5 14. Bxe5 b5 15. Re1 Qb6 16. a3 a5 17. Bf3 Qc6 18. Bxf6 Bxf6 19. e4 Bg6 20. exd5 exd5
21. Nf1 Bg5 22. Ne3 Rad8 23. g3 Rfe8 24. Bg2 Be4 25. f3 Bxe3+ 26. Qxe3 Bd3 27. Qd2 f6 28. b4 a4=
1/2-1/2

[Event "Last Man Standing"]
[Site "SchemingMind.com"]
[Date "2009.09.14"]
[Round "-"]
[White "waldron"]
[Black "Pershemia1"]
[Result "1/2-1/2"]
[WhiteCountry "USA"]
[BlackCountry "SWE"]
[WhiteElo "2245"]
[WhiteRD "64"]
[BlackElo "2367"]
[BlackRD "100"]
[GameID "219174"]

1. c4 Nc6 2. g3 e5 3. Bg2 Nf6 4. Nc3 Be7 5. d3 d6 6. e4 O-O 7. Nge2 Nd7 8. O-O Nc5 9. Nd5 a5 10. Be3 Nb4
11. d4 exd4 12. Nxd4 Bd7 13. Qd2 Nxd5 14. exd5 Bf6 15. Rfe1 a4 16. Re2 Re8 17. Rae1 Qc8 18. Bg5 Rxe2 19. Rxe2 Bxg5 20. Qxg5 h6
21. Qd2 Qd8 22. Be4 Nxe4 23. Rxe4 c5 24. dxc6 bxc6 25. Qf4 c5 26. Nf5=
1/2-1/2

[Event "Last Man Standing"]
[Site "SchemingMind.com"]
[Date "2009.11.13"]
[Round "-"]
[White "Pershemia1"]
[Black "ajswegiel"]
[Result "1/2-1/2"]
[WhiteCountry "SWE"]
[BlackCountry "POL"]
[WhiteElo "2351"]
[WhiteRD "103"]
[BlackElo "2172"]
[BlackRD "118"]
[GameID "225771"]

1. d4 d5 2. c4 c6 3. Nc3 Nf6 4. e3 Bf5 5. cxd5 cxd5 6. Nf3 e6 7. Ne5 Nfd7 8. Qb3 Nc6 9. Qxb7 Ncxe5 10. dxe5 Rb8
11. Qc6 Bb4 12. Bb5 O-O 13. Qxd7 Bxc3+ 14. bxc3 Qa5 15. Bd2 Qxb5 16. Qxb5 Rxb5 17. Bc1 Rc8=
1/2-1/2

[Event "Last Man Standing"]
[Site "SchemingMind.com"]
[Date "2009.11.13"]
[Round "-"]
[White "ajswegiel"]
[Black "Pershemia1"]
[Result "0-1"]
[WhiteCountry "POL"]
[BlackCountry "SWE"]
[WhiteElo "2141"]
[WhiteRD "116"]
[BlackElo "2400"]
[BlackRD "95"]
[GameID "225779"]

1. d4 Nf6 2. c4 e6 3. Nc3 c5 4. d5 exd5 5. cxd5 d6 6. e4 g6 7. Bd3 Bg7 8. h3 O-O 9. Nf3 a6 10. a4 Nbd7
11. O-O Qc7 12. Bf4 Re8 13. Re1 Rb8 14. Rc1 Ne5 15. Nxe5 dxe5 16. Be3 Bf8 17. Qd2 Bd7 18. b3 Rec8 19. Ne2 b5 20. axb5 Bxb5
21. f4 Bxd3 22. Qxd3 Nd7 23. f5 Qa5 24. fxg6 hxg6 25. Bg5 Qb6 26. Kh1 Qxb3 27. Rc3 Qb4 28. Rf1 Bg7 29. Qf3 f6 30. Bc1 Rb6
31. Ba3 Qa4 32. Rfc1 f5 33. Rc4 Qb3 34. exf5 Qxf3 35. gxf3 gxf5 36. Ng3 Rb3 37. Nxf5 Rf8 38. Ne7+ Kf7 39. Bxc5 Nxc5 40. Rxc5 Bh6
41. R1c2 Kxe7 42. d6+ Ke6 43. d7 Bg5
0-1